Retrouvez tous les films Disney - Statistiques

Statistiques générales
  • Ce quiz a été pris 728 fois
    706 depuis la dernière actualisation
  • Le résultat moyen est 77 sur 337
Statistiques - réponses
Années Films % Correct
1937 Blanche-Neige et les 7 Nains
95%
1950 | 2015 Cendrillon
88%
1991 | 2017 La Belle et la Bête
83%
2013 La Reine des Neiges
81%
1959 La Belle au bois dormant
79%
1989 La petite sirène
79%
1994 | 2019 Le Roi Lion
79%
1998 | 2020 Mulan
78%
1992 | 2019 Aladdin
77%
1939 Pinocchio
75%
2010 Raiponce
74%
1995 Toy Story
74%
2016 Vaiana
73%
1941 | 2019 Dumbo
71%
1953 Peter Pan
71%
1942 Bambi
70%
1940 Fantasia
70%
1995 Pocahontas
70%
1955 | 2019 La Belle et le Clochard
69%
2009 La Princesse et la Grenouille
68%
2012 Rebelle
68%
1967 | 1994 Le livre de la jungle
67%
2016 Le Livre de la Jungle
67%
1999 Toy Story 2
67%
2010 Toy Story 3
67%
1961 | 1996 Les 101 Dalmatiens
66%
2019 La Reine des Neiges 2
64%
1998 Le Roi Lion 2
64%
2019 Toy Story 4
64%
2006 Cars
63%
2000 La petite sirène 2
63%
1970 Les Aristochats
62%
2003 Nemo
61%
1999 Tarzan
61%
2004 Mulan 2
60%
1951 Alice au pays des merveilles
59%
2010 Alice au pays des Merveilles
59%
2001 Cendrillon 2
59%
2004 Le Roi Lion 3
58%
2011 Cars 2
57%
1997 Hercule
56%
2017 Cars 3
55%
1977 Les aventures de Winnie l'Ourson
55%
1994 Aladdin 2
54%
1977 Bernard et Bianca
54%
2016 Dory
54%
1996 Le Bossu de Notre-Dame
54%
1981 Rox et Rouky
54%
2017 Coco
53%
2011 Winnie l'Ourson
53%
1997 La Belle et la Bête 2
52%
2007 Ratatouille
52%
2002 Lilo et Stitch
50%
1963 Merlin l'enchanteur
50%
2002 Peter Pan 2
50%
2004 Les Indestructibles
49%
1998 Pocahontas 2
49%
1973 Robin des Bois
49%
1952 Robin des Bois et ses joyeux compagnons
49%
2015 Vice-Versa
47%
1964 Mary Poppins
46%
2016 Zootopie
46%
2006 Bambi 2
45%
2000 Kuzco
45%
2009 Là-Haut
45%
2005 Tarzan 2
45%
2003 Frère des Ours
44%
2012 Les Mondes de Ralph
44%
2008 La fée Clochette
43%
2003 Le livre de la jungle 2
43%
2018 Les Indestructibles 2
42%
2001 Monstres et Cie
42%
2020 Soul
42%
2008 Volt
42%
1996 Aladdin 3
41%
2007 Cendrillon 3
41%
2018 Ralph 2.0
41%
2021 Raya et le dernier dragon
41%
2008 Wall-E
41%
1999 Fantasia 2000
40%
1985 Taram et le chaudron magique
40%
2001 Atlantide
39%
2001 La Belle et le Clochard 2
39%
2003 Les 101 Dalmatiens 2
39%
1990 Bernard et Bianca 2
38%
2005 Lilo et Stitch 2
38%
2000 102 Dalmatiens
37%
2002 La planète au trésor
37%
1988 Oliver et Compagnie
37%
1998 1001 Pattes
36%
2008 La petite sirène 3
36%
1944 Les trois caballeros
35%
2002 Le Bossu de Notre-Dame 2
34%
2014 Les nouveaux héros
34%
2006 Rox et Rouky 2
34%
2006 Frère des Ours 2
33%
2009 Clochette et la Pierre de Lune
31%
2000 Dinosaure
31%
2014 Maléfique
31%
2013 Monstres Academy
31%
2013 Planes
31%
2005 Chicken Little
30%
2005 Kuzco 2
30%
2004 La Ferme se Rebelle
30%
2015 Le voyage d'Arlo
30%
1986 Basil Détective Privé
28%
1948 Mélodie Cocktail
28%
1946 Mélodie du Sud
28%
2014 Clochette et la fée pirate
27%
2012 Clochette et le secret des fées
27%
2010 Clochette et l'Expédition Féerique
27%
2020 En Avant
27%
2014 Planes 2
27%
1947 Coquin de Printemps
26%
1995 Dingo et Max
26%
1942 Saludos Amigos
26%
1997 Winnie l'Ourson 2
26%
2012 Avengers
25%
2007 Bienvenue chez les Robinson
25%
1949 Le crapaud et le maître d'école
25%
1946 La boîte à musique
23%
1977 | 2016 Peter et Elliott le Dragon
23%
2000 Les aventures de Tigrou
22%
2021 Cruella
21%
2008 Iron Man
21%
1948 Danny, le petit mouton noir
20%
2003 Les aventures de Porcinet
20%
2011 Captain America
19%
2000 Dingo et Max 2
19%
2010 Iron Man 2
19%
2013 Iron Man 3
19%
2011 Thor
19%
2015 Avengers 2
18%
2018 Avengers 3
18%
1990 La Bande à Picsou
18%
2004 Mickey, Donald, Dingo : les trois mousquetaires
18%
2016 Alice 2 : De l'autre côté du miroir
17%
2019 Avengers 4
17%
1971 L'apprentie sorcière
17%
2004 Les aventures de Petit Gourou
17%
2015 Star Wars 7
17%
2017 Star Wars 8
17%
2013 Thor 2
17%
2015 Ant-Man
16%
2014 Captain America 2
16%
1999 Star Wars 1
16%
2002 Star Wars 2
16%
2005 Star Wars 3
16%
1977 Star Wars 4
16%
1980 Star Wars 5
16%
1983 Star Wars 6
16%
2019 Star Wars 9
16%
2017 Thor 3
16%
2018 Black Panther
15%
2014 Les Gardiens de la Galaxie
15%
2019 Maléfique 2
15%
2016 Captain America 3
14%
2007 Il était une fois
14%
2017 Les Gardiens de la Galaxie 2
14%
2006 The Wild
14%
2018 Ant-Man 2
13%
2014 Clochette et la créature légendaire
13%
2018 Le Retour de Mary Poppins
13%
2021 Black Widow
12%
2016 Doctor Strange
12%
2017 Spider-Man Homecoming
12%
2005 Winnie l'Ourson et l'éfélant
12%
2019 Spider-Man Homecoming 2
11%
2019 Captain Marvel
10%
2005 Le monde de Narnia 1
10%
1993 Les Trois Mousquetaires
10%
2006 Pirates des Caraïbes 2
10%
2007 Pirates des Caraïbes 3
10%
2011 Pirates des Caraïbes 4
10%
1981 Indiana Jones
9%
2008 Le monde de Narnia 2
9%
2008 L'incroyable Hulk
9%
2003 Pirates des Caraïbes 1
9%
2017 Pirates des Caraïbes 5
9%
1941 Le Dragon Récalcitrant
8%
2016 Rogue One
8%
1984 Indiana Jones 2
7%
1989 Indiana Jones 3
7%
2008 Indiana Jones 4
6%
2010 L'Apprenti Sorcier
6%
2013 Le monde fantastique d'Oz
6%
1985 Oz, un monde extraordinaire
6%
2018 Solo
6%
1993 Hocus Pocus
5%
1943 Victoire dans les Airs
5%
2018 Jean-Christophe et Winnie
4%
2021 Jungle Cruise
4%
1982 Tron
4%
2020 Artemis Fowl
3%
2004 Benjamin Gates
3%
2013 Dans l'ombre de Mary
3%
1996 James et la pêche géante
3%
1950 L'île au trésor
3%
1999 Mickey, il était une fois Noël
3%
2003 Stitch ! Le Film
3%
1968 Un amour de Coccinelle
3%
1954 20 000 lieux sous les mers
2%
2015 A la poursuite de demain
2%
1998 A nous quatre
2%
2007 Benjamin Gates 2
2%
2018 Casse-Noisette et les Quatre Royaumes
2%
1955 Davy Crockett
2%
1956 Davy Crockett 2
2%
1999 Doug, le film
2%
2012 Frankenweenie
2%
2014 Into the Woods
2%
2012 John Carter
2%
2016 Le Bon Gros Géant
2%
2005 L'Ecole Fantastique
2%
2009 Le drôle de Noël de Scrooge
2%
1997 Le Monde Magique de la Belle et la Bête
2%
2003 Les Enigmes de l'Atlantide
2%
2020 Les nouveaux Mutants
2%
2004 Mickey, il était deux fois Noël
2%
2001 Princesse malgré elle
2%
1958 Signé Zorro
2%
2010 Tron : L'Héritage
2%
2018 Un raccourci dans le temps
2%
1966 4 bassets pour 1 danois
1%
2006 Antartica
1%
1963 Après lui, le déluge
1%
2005 Baby-Sittor
1%
1965 Calloway le trappeur
1%
1989 Chérie, j'ai rétréci les gosses
1%
1957 Fidèle vagabond
1%
1997 Flubber
1%
2003 Freaky Friday
1%
2011 Gnoméo et Juliette
1%
2009 Hannah Montana, le film
1%
2008 Histoires Enchantées
1%
1980 La Coccinelle à Mexico
1%
1980 La Coccinelle à Monte-Carlo
1%
2005 La Coccinelle revient
1%
1961 La fiancée de papa
1%
1954 La Grande Prairie
1%
1953 La Rose et l'Epée
1%
2008 Le chihuahua de Beverly Hills
1%
1953 Le Désert Vivant
1%
1968 Le Fantôme de Barbe-Noire
1%
1963 Le Grand Retour
1%
1963 Le Justicier aux deux visages
1%
2003 Le manoir hanté et les 999 fantômes
1%
1974 Le nouvel amour de Coccinelle
1%
1967 Le plus heureux des milliardaires
1%
2007 Le Secret de Terabithia
1%
1962 Les enfants du Capitaine Grant
1%
2011 Les Muppets : Le Retour
1%
1965 L'Espion aux pattes de velours
1%
1960 Les Robinsons des mers du sud
1%
1959 Le troisième homme sur la montagne
1%
1963 L'incroyable randonnée
1%
1993 L'incroyable voyage
1%
2013 Lone Ranger
1%
1958 Lueur dans la forêt
1%
2007 Maxi papa
1%
2001 Mickey, la magie de Noël
1%
2002 Mickey, le club des méchants
1%
2009 Mission-G
1%
1992 Noël chez les Muppets
1%
1960 Pollyanna
1%
1980 Popeye
1%
2010 Prince of Persia
1%
1959 Quelle vie de chien
1%
1993 Rasta Rockett
1%
1963 Sam l'intrépide
1%
1956 Sur la piste de l'Oregon
1%
2016 The Finest Hours
1%
2016 Tini
1%
2004 Un Mariage de Princesse
1%
1962 Un pilote dans la lune
1%
1972 3 étoiles, 36 chandelles
0%
1987 Benji la malice
0%
1992 Chérie, j'ai agrandi le bébé
0%
2002 Chiens des Neiges
0%
1991 Croc-Blanc
0%
1968 Frissons garantis
0%
1997 George et la jungle
0%
2002 Hyper Noël
0%
1999 Inspecteur Gadget
0%
1993 Kalahari
0%
1971 La cane aux oeufs d'or
0%
1977 La course au trésor
0%
1976 La Folle Escapade
0%
2003 La Légende de l'Etalon Noir
0%
1975 La Montagne Ensorcelée
0%
2003 La morsure du lézard
0%
1982 La nuit de l'évasion
0%
1968 Le cheval aux sabots d'or
0%
1981 Le Dragon du lac de feu
0%
1994 L'enfer blanc
0%
1970 Le Pays sauvage
0%
2000 Le plus beau des combats
0%
1966 Le Prince Donegal
0%
1993 Les aventures de Huckleberry Finn
0%
1991 Les aventures de Rocketeer
0%
2003 Les Fantômes du Titanic
0%
1964 Les pas du tigre
0%
1978 Les visiteurs d'un autre monde
0%
1980 Les yeux de la forêt
0%
2004 Le tour du monde en 80 jours
0%
1976 Le trésor de Matacumba
0%
1979 Le trou noir
0%
1996 L'île au trésor des Muppets
0%
1974 L'île sur le toit du monde
0%
1996 L'incroyable voyage 2
0%
1974 Mes amis les ours
0%
1998 Mon ami Joe
0%
1961 Monte là-dessus
0%
1997 Mr. Magoo
0%
1973 Nanou, fils de la Jungle
0%
1985 Natty Gann
0%
1972 Pas vu, pas pris
0%
1988 Qui veut sauver la peau de Roger Rabbit
0%
2006 Raymond
0%
2002 Rêve de champion
0%
2000 Sale Môme
0%
1994 Super Noël
0%
1976 Un candidat au poil
0%
1979 Un cosmonaute chez le Roi Arthur
0%
1983 Un homme parmi les loups
0%
1997 Un Indien à New-York
0%
1973 Un petit Indien
0%
Aucun quiz correspondant
Distribution des résultats
% des personnes avec chaque résultat
Percentile par nombre de réponses
Votre historique - résultats
Vous n’avez pas pris ce quiz depuis la dernière actualisation